| 000 | 00933cam a22002535i 4500 | ||
|---|---|---|---|
| 999 |
_c16190 _d16190 |
||
| 003 | EG-ScBUE | ||
| 005 | 20210203110346.0 | ||
| 008 | 111103s2004 ua g 000 ff ara d | ||
| 017 | _a2004 / 19355 | ||
| 020 | _a9775383560 | ||
| 040 |
_aEG-ScBUE _bara _erda _cEG-ScBUE _dEG-ScBUE |
||
| 082 | 0 | 4 |
_a892.736 _bخ ر ا _222 |
| 100 | 1 |
_aخراط، إدوار، _d1926-2015، _eمؤلف. _927710 |
|
| 245 | 1 | 2 |
_aالغجرية ويوسف المخزنجي : _bفانتازيا روائية في تسعة فصول / _cإدوار الخراط. |
| 264 | 1 |
_aالقاهرة : _bدار البستاني للنشر والتوزيع، _c2004. |
|
| 300 |
_a136 صفحة ؛ _c18 سم |
||
| 336 |
_aنص _btxt _2rdacontent |
||
| 337 |
_aبدون وسيط _bn _2rdamedia |
||
| 338 |
_aمجلد _bnc _2rdacarrier |
||
| 650 | 7 |
_aالقصص العربية _yقرن 20. _2BUEsh |
|
| 651 | _2BUEsh | ||
| 653 |
_bARALIT _bGGEN _cNovember2011 |
||
| 942 |
_2ddc _cBB |
||